|
|
|
|
| LEADER |
02080nam a2200433 a 4500 |
| 001 |
45767 |
| 003 |
BD-DhAAL |
| 005 |
20260514180641.0 |
| 008 |
260514t2015 nyuaf b 000 0ceng |
| 010 |
|
|
|a 89036635
|
| 020 |
|
|
|a 9780873327732
|
| 020 |
|
|
|a 0873325567
|
| 020 |
|
|
|a 9780873325561
|
| 035 |
|
|
|a 1037728
|
| 040 |
|
|
|a DLC
|c DLC
|d DLC
|d BD-DhAAL
|
| 043 |
|
|
|a a-ja---
|
| 050 |
0 |
0 |
|a D767.25.H6
|b A87 1989
|
| 082 |
0 |
0 |
|a 940.5425
|2 20
|
| 245 |
0 |
4 |
|a The atomic bomb :
|b voices from Hiroshima and Nagasaki /
|c editors, Kyoko & Mark Selden.
|
| 260 |
|
|
|a Armonk, N.Y. ;
|a London [England] ;
|b M.E. Sharpe ;
|b Routledge,
|c c1989, 2015.
|
| 300 |
|
|
|a xxxvi, 257 p., [8] p. of plates :
|b ill. ;
|c 24 cm.
|
| 500 |
|
|
|a "An East gate book."
|
| 500 |
|
|
|a First published 1989.
|
| 504 |
|
|
|a Includes bibliographical references (p. 243-246).
|
| 526 |
8 |
|
|a AAL
|
| 541 |
1 |
|
|a Donated by Embassy of Japan in Bangladesh, Read Japan Project 2025, The Tokyo Foundation, supported by The Nippon Foundation.
|e 45767
|
| 650 |
|
0 |
|a Atomic bomb victims
|z Japan.
|9 60811
|
| 650 |
|
0 |
|a World War, 1939-1945
|v Personal narratives, Japanese.
|9 60812
|
| 650 |
|
0 |
|a Atomic bomb
|x Blast effect
|v Literary collections.
|9 60813
|
| 650 |
|
0 |
|a Japanese literature
|y 20th century
|v Translations into English.
|9 60814
|
| 651 |
|
0 |
|a Hiroshima-shi (Japan)
|x History
|y Bombardment, 1945.
|
| 651 |
|
0 |
|a Nagasaki-shi (Japan)
|x History
|y Bombardment, 1945.
|
| 655 |
|
7 |
|a Literature.
|
| 700 |
1 |
|
|a Selden, Kyoko Iriye,
|d 1936-2013.
|9 60649
|
| 700 |
1 |
|
|a Selden, Mark.
|9 60815
|
| 852 |
1 |
|
|a Ayesha Abed Library
|c General Stacks
|
| 942 |
|
|
|2 ddc
|c BK
|
| 999 |
|
|
|c 47971
|d 47971
|
| 952 |
|
|
|0 0
|1 0
|2 ddc
|4 0
|6 940_542500000000000_ATO
|7 0
|9 79218
|a BRACUL
|b BRACUL
|d 2026-05-14
|e Donated by Embassy of Japan in Bangladesh, Read Japan Project 2025, The Tokyo Foundation, supported by The Nippon Foundation.
|l 0
|o 940.5425 ATO
|p 3010045767
|r 2026-05-14
|t 1
|w 2026-05-14
|y BK
|x Donated copy received from Embassy of Japan in Bangladesh, Read Japan Project 2025, The Tokyo Foundation, supported by The Nippon Foundation on 08 April 2026; $43.00
|